000 00562nam a2200229Ia 4500
003 OSt
005 20220924132235.0
006 a|||||r|||| 00| 0
007 ta
008 220923b |||||||| |||| 00| 0 san d
024 _a38498
037 _cTextual
040 _aARTS
_cARTS
_bsan
041 _2san
_asan
082 _aO15:9x5:1:1, D8
100 _aVamana
245 0 _aKavyalankara sutra with vritti
260 _c1908
650 _aENGLISH LITERATURE
942 _hO15:9x5:1:1, D8
_cTEXL
_2CC
999 _c429712
_d429712